[Event "Titled Tuesday intern op 01st Apr Late"]
[Site "Chess.com INT"]
[Date "2025.04.01"]
[Round "8"]
[White "Perea Fruet, Lorenzo"]
[Black "Sargsyan, Anna M"]
[Result "1-0"]
[WhiteElo "2374"]
[BlackElo "2354"]
[PlyCount "39"]
[EventDate "2025.04.01"]
[EventType "swiss (blitz)"]
[EventRounds "11"]
[EventCountry "USA"]
[SourceTitle "CB15_2025"]
[SourceDate "2025.04.09"]
[SourceVersion "1"]
[SourceVersionDate "2025.04.09"]
[SourceQuality "1"]

1. f4 d5 2. Nf3 g6 3. d3 Bg7 4. g3 b6 5. Bg2 Bb7 6. 0-0 e6 7. c3 Ne7 8. Qa4+ Nd7 9. e4 0-0 10. e5 Nc5 11. Qc2 Ba6 12. Rd1 f6 13. b4 Nxd3 14. Rxd3 Bxd3 15. Qxd3 fxe5 16. fxe5 Nc6 17. Bf4 Qe8 18. h4 Ne7 19. Nd4 Nf5 20. Nxe6 1-0

[Event "Titled Tuesday intern op 01st Apr Late"]
[Site "Chess.com INT"]
[Date "2025.04.01"]
[Round "2"]
[White "Terron Elena, Francisco Miguel"]
[Black "Sargsyan, Anna M"]
[Result "0-1"]
[WhiteElo "2122"]
[BlackElo "2354"]
[PlyCount "86"]
[EventDate "2025.04.01"]
[EventType "swiss (blitz)"]
[EventRounds "11"]
[EventCountry "USA"]
[SourceTitle "CB15_2025"]
[SourceDate "2025.04.09"]
[SourceVersion "1"]
[SourceVersionDate "2025.04.09"]
[SourceQuality "1"]

1. d4 Nf6 2. c4 e6 3. Nc3 Bb4 4. e3 0-0 5. Bd3 Re8 6. Nge2 d5 7. 0-0 Bf8 8. Qc2 c6 9. Bd2 e5 10. dxe5 Rxe5 11. cxd5 cxd5 12. Nd4 Nc6 13. Ncb5 Bd7 14. Nxc6 bxc6 15. Nd4 c5 16. Nf3 Rh5 17. b3 Bg4 18. Be2 d4 19. exd4 cxd4 20. Rfd1 Rc8 21. Qb2 d3 22. Bc3 Qc7 23. Be5 dxe2 24. Bxc7 exd1Q+ 25. Rxd1 Rxc7 26. Qe2 Rhc5 27. h3 Rc2 28. Rd2 Bxf3 29. gxf3 Rc1+ 30. Kg2 Nh5 31. Qe8 Rc8 32. Qe5 g6 33. Rd7 Bh6 34. Qe7 Rf8 35. f4 Nxf4+ 36. Kf3 Rc3+ 37. Ke4 Nxh3 38. Rxa7 Nxf2+ 39. Kd5 Re3 40. Qb7 Rd8+ 41. Kc4 Re4+ 42. Kc3 Bg7+ 43. Kc2 Re2+ 0-1

[Event "Titled Tuesday intern op 18th Mar Late"]
[Site "Chess.com INT"]
[Date "2025.03.18"]
[Round "11"]
[White "Danila, Tudor Gabriel"]
[Black "Sargsyan, Anna M"]
[Result "0-1"]
[WhiteElo "2178"]
[BlackElo "2357"]
[PlyCount "110"]
[EventDate "2025.03.18"]
[EventType "swiss (blitz)"]
[EventRounds "11"]
[EventCountry "USA"]
[SourceTitle "CB13_2025"]
[SourceDate "2025.03.26"]
[SourceVersion "1"]
[SourceVersionDate "2025.03.26"]
[SourceQuality "1"]

1. e4 e5 2. Nf3 Nc6 3. Bc4 Bc5 4. b4 Bxb4 5. c3 Ba5 6. d4 exd4 7. 0-0 d6 8. cxd4 Nf6 9. Bg5 h6 10. Bh4 Bg4 11. Qb3 0-0 12. e5 Bxf3 13. exf6 Nxd4 14. Qb2 Bb6 15. Nd2 Bc6 16. fxg7 Qxh4 17. gxf8Q+ Rxf8 18. Qc3 Nf5 19. Qd3 Qg4 20. Bd5 Bxd5 21. Qxd5 c6 22. Qf3 Qg6 23. Rad1 Nd4 24. Qh3 Re8 25. Kh1 Re2 26. Nc4 Bc5 27. a4 Kh7 28. Ne3 Ne6 29. Qf3 Ra2 30. Nf5 d5 31. Ra1 Ng5 32. Qf4 Rxa1 33. Rxa1 Ne4 34. Ne3 Qg5 35. Qxg5 hxg5 36. Kg1 f5 37. Nxf5 Nxf2 38. Kf1 Ng4 39. h3 Nf6 40. Re1 Ne4 41. Ke2 Kg6 42. Ne3 Bb4 43. Rb1 Nc3+ 44. Kd3 Nxb1 45. Kc2 Nc3 46. Kb3 a5 47. Nc2 Ne2 48. g4 Nf4 49. Nd4 Nxh3 50. Ne6 Nf4 51. Nd8 c5 52. Nxb7 c4+ 53. Kc2 d4 54. Nd6 d3+ 55. Kd1 Bxd6 0-1

[Event "Titled Tuesday intern op 18th Mar Late"]
[Site "Chess.com INT"]
[Date "2025.03.18"]
[Round "1"]
[White "Sargsyan, Anna M"]
[Black "Miserendino, Alfredo"]
[Result "1-0"]
[WhiteElo "2357"]
[BlackElo "2032"]
[PlyCount "55"]
[EventDate "2025.03.18"]
[EventType "swiss (blitz)"]
[EventRounds "11"]
[EventCountry "USA"]
[SourceTitle "CB13_2025"]
[SourceDate "2025.03.26"]
[SourceVersion "1"]
[SourceVersionDate "2025.03.26"]
[SourceQuality "1"]

1. e4 c5 2. Nf3 e6 3. d4 cxd4 4. Nxd4 Bc5 5. Nb3 Bb6 6. c4 Ne7 7. Nc3 0-0 8. c5 Bc7 9. Bd3 f5 10. 0-0 Nbc6 11. Nb5 Bb8 12. f4 fxe4 13. Bxe4 Nf5 14. g4 a6 15. Nc3 Nfe7 16. Be3 a5 17. Qd3 h6 18. Rad1 a4 19. Nc1 a3 20. b3 Nb4 21. Qd4 Nec6 22. Qd2 Qh4 23. Qg2 Ba7 24. Nb5 d5 25. Bg6 Bb8 26. f5 exf5 27. gxf5 Bd7 28. Nd4 1-0

[Event "Titled Tuesday intern op 11th Mar Late"]
[Site "Chess.com INT"]
[Date "2025.03.11"]
[Round "5"]
[White "Fernandes, Rogerio Paulo Mulle"]
[Black "Sargsyan, Anna M"]
[Result "1/2-1/2"]
[WhiteElo "2241"]
[BlackElo "2357"]
[PlyCount "140"]
[EventDate "2025.03.11"]
[EventType "swiss (blitz)"]
[EventRounds "11"]
[EventCountry "USA"]
[SourceTitle "CB12_2025"]
[SourceDate "2025.03.19"]
[SourceVersion "1"]
[SourceVersionDate "2025.03.19"]
[SourceQuality "1"]

1. c4 e5 2. g3 c6 3. Nf3 e4 4. Nd4 d5 5. cxd5 Qxd5 6. Nb3 Nf6 7. Bg2 h5 8. Nc3 Qe5 9. d4 exd3 10. Qxd3 Be6 11. Bf4 Qf5 12. Qxf5 Bxf5 13. 0-0 Nbd7 14. Nd4 Bg6 15. Rfd1 Rc8 16. e4 h4 17. e5 Nh5 18. e6 fxe6 19. Nxe6 hxg3 20. hxg3 Bf7 21. Re1 Bxe6 22. Rxe6+ Kf7 23. Re2 Nxf4 24. gxf4 Nf6 25. Rd1 Bb4 26. Ne4 Nxe4 27. Rxe4 a5 28. Rd7+ Kf6 29. a3 Bc5 30. Rxb7 Rhd8 31. Bh3 Re8 32. Rxe8 Rxe8 33. Rc7 Bd4 34. Rxc6+ Kf7 35. Rc2 Re1+ 36. Kg2 Rb1 37. b4 axb4 38. axb4 Rxb4 39. Kf3 Rb3+ 40. Kg4 Kg6 41. Bg2 Rb4 42. Be4+ Kf6 43. Rc6+ Ke7 44. Kf5 Bf6 45. Rc7+ Kd6 46. Rc6+ Kd7 47. Ra6 Rb2 48. f3 Rg2 49. Ra7+ Kd6 50. Ra6+ Ke7 51. Ra7+ Kd8 52. Ke6 Rb2 53. f5 Rb6+ 54. Kf7 Rd6 55. Ra8+ Kc7 56. Ra5 Rd7+ 57. Kg6 Re7 58. Bd5 Kd6 59. Be6 Rc7 60. Rd5+ Ke7 61. Rb5 Ra7 62. Bd5 Kd6 63. Be4 Ke7 64. Rb7+ Rxb7 65. Bxb7 Kd6 66. Be4 Ke5 67. Kf7 Kf4 68. Kg6 Ke5 69. Kh7 Kf4 70. Kg6 Ke5 1/2-1/2

[Event "Titled Tuesday intern op 04th Mar Early"]
[Site "Chess.com INT"]
[Date "2025.03.04"]
[Round "1"]
[White "Pakhomov, Egor"]
[Black "Sargsyan, Anna M"]
[Result "0-1"]
[WhiteElo "2366"]
[BlackElo "2357"]
[PlyCount "63"]
[EventDate "2025.03.04"]
[EventType "swiss (blitz)"]
[EventRounds "11"]
[EventCountry "USA"]
[SourceTitle "CB11_2025"]
[SourceDate "2025.03.12"]
[SourceVersion "1"]
[SourceVersionDate "2025.03.12"]
[SourceQuality "1"]

1. d4 d5 2. Nf3 Nf6 3. c4 c6 4. Nc3 dxc4 5. a4 Bf5 6. Ne5 Nbd7 7. Nxc4 Qc7 8. g3 e5 9. dxe5 Nxe5 10. Bf4 Nfd7 11. Bg2 g5 12. Ne3 gxf4 13. Nxf5 0-0-0 14. Qc2 Nc5 15. b4 Ne6 16. Rb1 f3 17. Bxf3 Nxf3+ 18. exf3 Qe5+ 19. Ne3 Nd4 20. Qe4 Nxf3+ 21. Qxf3 Qxc3+ 22. Kf1 h5 23. h4 Bxb4 24. Kg2 a5 25. Rhc1 Qe5 26. Rc4 Rhg8 27. Rf4 Rg7 28. Rxf7 Rxf7 29. Qxf7 Qe4+ 30. Kh2 Qxb1 31. Qf5+ Qxf5 32. Nxf5 0-1

[Event "Titled Tuesday intern op 04th Mar Early"]
[Site "Chess.com INT"]
[Date "2025.03.04"]
[Round "6"]
[White "Reshetnikov, Alexey"]
[Black "Sargsyan, Anna M"]
[Result "0-1"]
[WhiteElo "2492"]
[BlackElo "2357"]
[PlyCount "168"]
[EventDate "2025.03.04"]
[EventType "swiss (blitz)"]
[EventRounds "11"]
[EventCountry "USA"]
[SourceTitle "CB11_2025"]
[SourceDate "2025.03.12"]
[SourceVersion "1"]
[SourceVersionDate "2025.03.12"]
[SourceQuality "1"]

1. d4 Nf6 2. c4 e6 3. Nc3 Bb4 4. e3 0-0 5. Bd2 Re8 6. Nf3 b6 7. Bd3 Bb7 8. 0-0 d5 9. cxd5 exd5 10. Rc1 a6 11. Ne5 Bd6 12. f4 c5 13. Qf3 Nc6 14. Ne2 Rc8 15. Rfd1 Ne4 16. Nxc6 Bxc6 17. Bxe4 Rxe4 18. Ng3 cxd4 19. Nxe4 dxe4 20. Qg4 Bc5 21. exd4 Bxd4+ 22. Kh1 Bd7 23. f5 Rxc1 24. Bxc1 Bf6 25. Qxe4 Qc8 26. Be3 Bxf5 27. Qf4 b5 28. Bd4 Bxd4 29. Qxd4 h5 30. Qd8+ Kh7 31. Qxc8 Bxc8 32. Rd8 Be6 33. a3 a5 34. Rd6 a4 35. Kg1 Kg6 36. Kf2 Kf5 37. Rc6 Bc4 38. Rc5+ Kg6 39. h4 Kh6 40. Ke3 g6 41. g3 Kg7 42. Kf4 Kf6 43. Rc6+ Kg7 44. Ke5 Bf1 45. Rb6 Be2 46. Kd4 Bf1 47. Kc5 f6 48. Kd4 g5 49. Ke4 gxh4 50. gxh4 Kg6 51. Kf4 Be2 52. Rb8 Bc4 53. Re8 Bf1 54. Rg8+ Kf7 55. Rg1 Bd3 56. Rd1 Be2 57. Rd7+ Kg6 58. Rd6 Bc4 59. Rd8 Bf1 60. Ke4 Bg2+ 61. Kf4 Bf1 62. Rg8+ Kf7 63. Rg1 Bc4 64. Ke4 Be2 65. Ke3 Bc4 66. Kd4 Ke6 67. Rg7 Kf5 68. Ke3 Bf1 69. Kf3 Bc4 70. Kg3 Bd3 71. Rg8 Bc4 72. Rc8 Ke4 73. Rc5 f5 74. Rc7 f4+ 75. Kf2 Kf5 76. Rg7 Ke4 77. Rg5 Kd3 78. Rxh5 Kc2 79. Rf5 Kxb2 80. h5 b4 81. h6 bxa3 82. h7 a2 83. h8Q+ Kb1 84. Qb8+ Bb3 0-1

[Event "Titled Tuesday intern op 04th Mar Early"]
[Site "Chess.com INT"]
[Date "2025.03.04"]
[Round "9"]
[White "Sargsyan, Anna M"]
[Black "Gunnarsson, Jon Viktor"]
[Result "1-0"]
[WhiteElo "2357"]
[BlackElo "2444"]
[PlyCount "151"]
[EventDate "2025.03.04"]
[EventType "swiss (blitz)"]
[EventRounds "11"]
[EventCountry "USA"]
[SourceTitle "CB11_2025"]
[SourceDate "2025.03.12"]
[SourceVersion "1"]
[SourceVersionDate "2025.03.12"]
[SourceQuality "1"]

1. e4 c5 2. Nf3 d6 3. d4 cxd4 4. Nxd4 Nf6 5. Nc3 Bd7 6. Be2 Nc6 7. Be3 g6 8. 0-0 Bg7 9. f4 0-0 10. h3 Rc8 11. Qd3 Nxd4 12. Bxd4 Bc6 13. Rad1 Nd7 14. Bxg7 Kxg7 15. Kh1 Qb6 16. b3 Nc5 17. Qd4+ Kg8 18. f5 Nd7 19. Qd2 Qc5 20. fxg6 hxg6 21. Bc4 Ne5 22. Bd5 Kg7 23. Rf2 e6 24. Bxc6 Rxc6 25. Na4 Qb5 26. Nb2 Rh8 27. c4 Qb6 28. Rdf1 Rh5 29. Nd3 Rc7 30. Nxe5 dxe5 31. Qd8 Qc6 32. Qf6+ Kg8 33. Qd8+ Kg7 34. Kh2 Rd7 35. Qf6+ Kg8 36. g4 Rh7 37. Qxe5 Qc8 38. Qf4 Rd3 39. Rf3 Qd8 40. Rxd3 Qxd3 41. Rf3 Qd8 42. Rf2 g5 43. Qf6 Qc7+ 44. e5 Rg7 45. Rd2 Kh7 46. Rd6 Qc5 47. Qf3 Qxe5+ 48. Qg3 Qb2+ 49. Kh1 Qxa2 50. Qd3+ Rg6 51. Rd7 Qa1+ 52. Kh2 Qf6 53. Kh1 Kg7 54. Kg2 Qb2+ 55. Kg3 Rf6 56. Qe3 Kh6 57. Rd8 Qb1 58. Rh8+ Kg6 59. Rg8+ Kh7 60. Rxg5 Qf1 61. Rh5+ Kg8 62. Qg5+ Kf8 63. Rh8+ Ke7 64. Qc5+ Kd7 65. Qc8+ Kd6 66. c5+ Ke5 67. Qc7+ Kd4 68. Rd8+ Kc3 69. Qe5+ Kc2 70. Qe4+ Kb2 71. Rd2+ Kxb3 72. Qe3+ Kc4 73. Qd4+ Kb5 74. Rb2+ Ka5 75. Qb4+ Ka6 76. Qa4# 1-0

[Event "Titled Tuesday intern op 04th Mar Early"]
[Site "Chess.com INT"]
[Date "2025.03.04"]
[Round "4"]
[White "Sargsyan, Anna M"]
[Black "Jakubowski, Krzysztof"]
[Result "0-1"]
[WhiteElo "2357"]
[BlackElo "2457"]
[PlyCount "38"]
[EventDate "2025.03.04"]
[EventType "swiss (blitz)"]
[EventRounds "11"]
[EventCountry "USA"]
[SourceTitle "CB11_2025"]
[SourceDate "2025.03.12"]
[SourceVersion "1"]
[SourceVersionDate "2025.03.12"]
[SourceQuality "1"]

1. e4 c5 2. Nf3 d6 3. d4 cxd4 4. Nxd4 Nf6 5. Nc3 a6 6. h3 g6 7. g4 Bg7 8. Bg2 Nfd7 9. Be3 Nc6 10. Qd2 Na5 11. Qe2 0-0 12. 0-0-0 Nb6 13. Kb1 Bd7 14. h4 Rc8 15. Nd5 Nxd5 16. exd5 Nc4 17. Bc1 Qb6 18. Nb3 a5 19. Qxe7 Bxg4 0-1

[Event "Titled Tuesday intern op 25th Feb Early"]
[Site "Chess.com INT"]
[Date "2025.02.25"]
[Round "6"]
[White "Sargsyan, Anna M"]
[Black "Asish, Panda"]
[Result "1-0"]
[WhiteElo "2357"]
[BlackElo "1910"]
[PlyCount "145"]
[EventDate "2025.02.25"]
[EventType "swiss (blitz)"]
[EventRounds "11"]
[EventCountry "USA"]
[SourceTitle "CB10_2025"]
[SourceDate "2025.03.05"]
[SourceVersion "1"]
[SourceVersionDate "2025.03.05"]
[SourceQuality "1"]

1. e4 e6 2. d4 d5 3. e5 c5 4. c3 Nc6 5. Nf3 Qb6 6. a3 cxd4 7. cxd4 Nge7 8. Nc3 g6 9. Na4 Qd8 10. Be2 Bg7 11. 0-0 0-0 12. Bg5 h6 13. Bf4 g5 14. Bd2 Bd7 15. Nc5 b6 16. Nxd7 Qxd7 17. Rc1 g4 18. Nh4 Nxd4 19. Bxg4 Ng6 20. Bb4 Bxe5 21. Re1 Bf6 22. Nxg6 fxg6 23. Bc3 Nf5 24. Bb4 Rfe8 25. Qd3 Bxb2 26. Rcd1 Bg7 27. g3 a5 28. Bd2 Rac8 29. h4 h5 30. Bh3 Qf7 31. Bg5 Rc3 32. Qb1 Nxg3 33. fxg3 Rxg3+ 34. Bg2 Qf3 35. Qc2 Rf8 36. Kh2 Qg4 37. Qe2 Qxe2 38. Rxe2 Rxa3 39. Rxe6 Rc8 40. Rxg6 Kh7 41. Rxb6 Be5+ 42. Kh1 Rc2 43. Re6 Bg3 44. Re7+ Kg6 45. Re6+ Kf7 46. Rf6+ Kg7 47. Rb1 Raa2 48. Rb7+ Bc7 49. Rf2 Rxf2 50. Rxc7+ Kg6 51. Bxd5 Rh2+ 52. Kg1 Rhe2 53. Bxa2 Rxa2 54. Rc6+ Kf5 55. Ra6 Kg4 56. Kf1 a4 57. Ke1 a3 58. Kd1 Kf3 59. Kc1 Kg4 60. Kb1 Rb2+ 61. Ka1 Rb3 62. Ka2 Rf3 63. Rxa3 Rf5 64. Ra4+ Kg3 65. Kb3 Rb5+ 66. Kc4 Rf5 67. Kd3 Rd5+ 68. Rd4 Ra5 69. Re4 Ra3+ 70. Kd4 Kh3 71. Re3+ Rxe3 72. Kxe3 Kg4 73. Ke4 1-0

[Event "Titled Tuesday intern op 25th Feb Early"]
[Site "Chess.com INT"]
[Date "2025.02.25"]
[Round "9"]
[White "Sargsyan, Anna M"]
[Black "Vasynda, Oleksandr"]
[Result "0-1"]
[WhiteElo "2357"]
[BlackElo "2209"]
[PlyCount "64"]
[EventDate "2025.02.25"]
[EventType "swiss (blitz)"]
[EventRounds "11"]
[EventCountry "USA"]
[SourceTitle "CB10_2025"]
[SourceDate "2025.03.05"]
[SourceVersion "1"]
[SourceVersionDate "2025.03.05"]
[SourceQuality "1"]

1. e4 c5 2. Nf3 Nc6 3. Bb5 g6 4. 0-0 Bg7 5. c3 e5 6. d4 cxd4 7. cxd4 exd4 8. Bf4 a6 9. Bc4 d6 10. Nbd2 Nf6 11. Bd5 0-0 12. Nc4 Nxd5 13. exd5 Ne5 14. Rc1 Bg4 15. Ncd2 Nd3 16. Bg3 Nxc1 17. Qxc1 Rc8 18. Qd1 Bh6 19. Ne4 Bg7 20. h3 Bxf3 21. Qxf3 Rc2 22. Qb3 d3 23. Qxd3 Rxb2 24. Nxd6 b5 25. Rc1 Qa5 26. Nb7 Qxa2 27. d6 Rd2 28. Qe3 b4 29. Nc5 Bd4 30. Qh6 Bxf2+ 31. Bxf2 Rxf2 32. Qg5 Qd2 0-1

[Event "Wch Blitz (Women)"]
[Site "New York"]
[Date "2024.12.30"]
[Round "6"]
[White "Lagno, Kateryna"]
[Black "Sargsyan, Anna M"]
[Result "1/2-1/2"]
[WhiteElo "2515"]
[BlackElo "2361"]
[PlyCount "178"]
[EventDate "2024.12.30"]
[EventType "swiss (blitz)"]
[EventRounds "11"]
[EventCountry "USA"]
[SourceTitle "CB01_2025"]
[SourceDate "2025.01.01"]
[SourceVersion "1"]
[SourceVersionDate "2025.01.01"]
[SourceQuality "1"]

1. e4 e5 2. Nf3 Nc6 3. Bb5 a6 4. Ba4 Nf6 5. 0-0 Nxe4 6. d4 b5 7. Bb3 d5 8. dxe5 Be6 9. c3 Be7 10. Nbd2 0-0 11. Qe2 Nc5 12. Bc2 d4 13. cxd4 Nxd4 14. Nxd4 Qxd4 15. Nf3 Qc4 16. Qxc4 Bxc4 17. Rd1 Rad8 18. Be3 Ne6 19. b3 Bd5 20. Kf1 Ba3 21. Rab1 h6 22. Ke2 Bb7 23. Nh4 Rxd1 24. Rxd1 Rd8 25. Rxd8+ Nxd8 26. f4 Kf8 27. f5 Bb2 28. Bf4 Nc6 29. Nf3 Nb4 30. Bb1 c5 31. Be3 Nd5 32. Bxc5+ Ke8 33. Bc2 Nc3+ 34. Ke3 Nxa2 35. Bd4 Bc1+ 36. Ke2 Nb4 37. Bb1 Nd5 38. g3 a5 39. Ne1 a4 40. bxa4 bxa4 41. Nd3 Ba6 42. Kd1 Bg5 43. Nc5 Bb5 44. Kc2 Be3 45. Bxe3 Nxe3+ 46. Kc3 Nf1 47. Be4 Nxh2 48. Kb4 Be2 49. Kxa4 Nf1 50. Kb4 Nxg3 51. Bc2 Bg4 52. f6 gxf6 53. exf6 Nh5 54. Ba4+ Kf8 55. Kc3 Nxf6 56. Kd4 Kg7 57. Ke5 h5 58. Kf4 Be2 59. Kg5 Nh7+ 60. Kf4 Nf8 61. Bb3 Kg6 62. Bc2+ Kh6 63. Bb3 Kg7 64. Kg5 Bg4 65. Ne4 Ne6+ 66. Kh4 Nd4 67. Bc4 Nf3+ 68. Kg3 Ne5 69. Bb3 f5 70. Nd6 Ng6 71. Bc2 h4+ 72. Kf2 Kf6 73. Ne8+ Kg5 74. Nd6 Nf4 75. Nf7+ Kf6 76. Nh6 Kg5 77. Nf7+ Kg6 78. Ne5+ Kf6 79. Nd7+ Kg5 80. Nf8 h3 81. Kg3 Ne2+ 82. Kh2 Nd4 83. Bd3 Kf4 84. Ng6+ Ke3 85. Bf1 Nf3+ 86. Kg3 h2 87. Bg2 Ne1 88. Kxh2 Nxg2 89. Kxg2 f4 1/2-1/2

[Event "Wch Blitz (Women)"]
[Site "New York"]
[Date "2024.12.30"]
[Round "8"]
[White "Sargsyan, Anna M"]
[Black "Lei, Tingjie"]
[Result "0-1"]
[WhiteElo "2361"]
[BlackElo "2549"]
[PlyCount "114"]
[EventDate "2024.12.30"]
[EventType "swiss (blitz)"]
[EventRounds "11"]
[EventCountry "USA"]
[SourceTitle "CB01_2025"]
[SourceDate "2025.01.01"]
[SourceVersion "1"]
[SourceVersionDate "2025.01.01"]
[SourceQuality "1"]

1. e4 e5 2. Nf3 Nc6 3. Bc4 Nf6 4. d3 h6 5. 0-0 d6 6. Re1 g6 7. c3 Bg7 8. d4 0-0 9. h3 Bd7 10. dxe5 Nxe5 11. Nxe5 dxe5 12. Qb3 b5 13. Bf1 a5 14. a4 bxa4 15. Qc4 Kh7 16. Be3 Rb8 17. Bc5 Re8 18. Ba3 Re6 19. Qc5 Bf8 20. Qe3 Bxa3 21. Nxa3 Rxb2 22. Nc4 Rb8 23. Nxa5 Qe7 24. Qa7 Rc8 25. Ba6 Rd8 26. Bc4 Rd6 27. Nb7 Bc6 28. Nxd8 Rxd8 29. Qa6 Bxe4 30. Qxa4 c5 31. Qa7 Rd7 32. Qb8 Rb7 33. Qc8 Rc7 34. Qa6 Bf5 35. Rad1 Ne4 36. Qa5 Ra7 37. Qd8 Nxc3 38. Qxe7 Rxe7 39. Rd8 Kg7 40. g4 Bd7 41. Rc1 Ne4 42. Bd5 Nf6 43. Rxc5 Nxd5 44. Rxd5 Bc6 45. Rc5 Bf3 46. Kh2 g5 47. Kg3 e4 48. h4 gxh4+ 49. Kxh4 Ra7 50. Rf5 Rc7 51. Rd6 Re7 52. Kg3 Ra7 53. Rff6 Ra3 54. Kf4 Ra2 55. Rxh6 Rxf2 56. Ke5 e3 57. Rh3 e2 0-1

[Event "Wch Blitz (Women)"]
[Site "New York"]
[Date "2024.12.30"]
[Round "11"]
[White "Wagner, Dinara"]
[Black "Sargsyan, Anna M"]
[Result "1-0"]
[WhiteElo "2437"]
[BlackElo "2361"]
[PlyCount "81"]
[EventDate "2024.12.30"]
[EventType "swiss (blitz)"]
[EventRounds "11"]
[EventCountry "USA"]
[SourceTitle "CB01_2025"]
[SourceDate "2025.01.01"]
[SourceVersion "1"]
[SourceVersionDate "2025.01.01"]
[SourceQuality "1"]

1. d4 Nf6 2. c4 e6 3. Nf3 d5 4. g3 Bb4+ 5. Bd2 a5 6. a3 Bxd2+ 7. Qxd2 0-0 8. Bg2 b6 9. cxd5 exd5 10. 0-0 Ne4 11. Qd1 Nd7 12. Nc3 Nxc3 13. bxc3 Re8 14. Re1 c6 15. a4 Ba6 16. Qc2 Bc4 17. e3 b5 18. Nd2 Nb6 19. axb5 cxb5 20. e4 b4 21. cxb4 axb4 22. Qb2 Qe7 23. Reb1 Rxa1 24. Rxa1 dxe4 25. Bxe4 Bd5 26. Re1 g6 27. Re3 Qf8 28. Bxd5 Nxd5 29. Re5 Rxe5 30. dxe5 Qc5 31. Ne4 Qc4 32. Nd6 Qc3 33. Qa2 Qe1+ 34. Kg2 Qxe5 35. Qa8+ Kg7 36. Qb8 Qe6 37. Ne8+ Kh6 38. Nd6 Qe7 39. h4 Nf6 40. Qxb4 Qe5 41. Nxf7+ 1-0

[Event "Wch Rapid (Women)"]
[Site "New York"]
[Date "2024.12.28"]
[Round "11"]
[White "Zhu, Jiner"]
[Black "Sargsyan, Anna M"]
[Result "1-0"]
[WhiteElo "2449"]
[BlackElo "2306"]
[PlyCount "133"]
[EventDate "2024.12.26"]
[EventType "swiss (rapid)"]
[EventRounds "11"]
[EventCountry "USA"]
[SourceTitle "CB01_2025"]
[SourceDate "2025.01.01"]
[SourceVersion "1"]
[SourceVersionDate "2025.01.01"]
[SourceQuality "1"]

1. e4 e5 2. Nf3 Nc6 3. Bb5 a6 4. Ba4 Nf6 5. d3 Bc5 6. c3 d6 7. 0-0 0-0 8. Re1 b5 9. Bc2 Bb6 10. a4 Rb8 11. Bg5 h6 12. Bh4 b4 13. Nbd2 bxc3 14. bxc3 Ba5 15. Ra3 Be6 16. Nf1 d5 17. exd5 Bxd5 18. Nxe5 g5 19. Bg3 Re8 20. d4 Nxe5 21. Bxe5 Qe7 22. Qd3 Kf8 23. Raa1 Qd8 24. Qh3 h5 25. Ne3 Be6 26. Qf3 Ng4 27. Nxg4 Bxg4 28. Qd3 f6 29. h3 Be6 30. Bh2 Qd7 31. Rad1 Rb2 32. Re3 Bf7 33. Rxe8+ Qxe8 34. h4 Qc6 35. hxg5 Qxc3 36. Qxc3 Bxc3 37. Bf5 fxg5 38. Bxc7 Bb3 39. Rd3 Be1 40. Bd6+ Kg7 41. Kh2 Rxf2 42. Be5+ Kf7 43. Be4 Bc2 44. Bd5+ Kg6 45. Ra3 Bb4 46. Ra2 Kf5 47. Bb3 Rxg2+ 48. Kxg2 Bxb3 49. Rf2+ Kg4 50. Rb2 Bd5+ 51. Kf2 a5 52. Rc2 h4 53. Rc8 h3 54. Rd8 Bb3 55. d5 Bc5+ 56. Ke1 Kf5 57. Bg3 Bxa4 58. d6 Ke6 59. Rg8 Be3 60. Rg6+ Kf5 61. Rg7 Kg4 62. Be5 Bf4 63. Bxf4 Kxf4 64. Kf1 Bc6 65. Kg1 g4 66. Kh2 g3+ 67. Kxh3 1-0

[Event "Wch Rapid (Women)"]
[Site "New York"]
[Date "2024.12.26"]
[Round "2"]
[White "Mamedjarova, Turkan"]
[Black "Sargsyan, Anna M"]
[Result "1-0"]
[WhiteElo "2109"]
[BlackElo "2306"]
[PlyCount "77"]
[EventDate "2024.12.26"]
[EventType "swiss (rapid)"]
[EventRounds "11"]
[EventCountry "USA"]
[SourceTitle "CB01_2025"]
[SourceDate "2025.01.01"]
[SourceVersion "1"]
[SourceVersionDate "2025.01.01"]
[SourceQuality "1"]

1. e4 e5 2. Nf3 Nc6 3. d4 exd4 4. Nxd4 Nf6 5. Nc3 Bb4 6. Nxc6 bxc6 7. Bd3 0-0 8. 0-0 Re8 9. Bg5 h6 10. Bh4 g5 11. Bg3 Bxc3 12. bxc3 Nxe4 13. Bxe4 Rxe4 14. Qh5 Qf6 15. Rae1 Rxe1 16. Rxe1 d6 17. h4 Be6 18. hxg5 Qxg5 19. Qf3 Bd5 20. Qd3 Rb8 21. c4 Be6 22. Qf3 Rb6 23. Re4 h5 24. Bh4 Qg6 25. Qf4 Rb4 26. a3 Ra4 27. Qe3 c5 28. Bd8 Rxa3 29. Qxa3 Qxe4 30. Bxc7 Qxc2 31. Qg3+ Kh7 32. Bxd6 Qxc4 33. Qg5 Qd5 34. Be5 Qd1+ 35. Kh2 Qg4 36. Qf6 Qg8 37. f4 a5 38. f5 Bd5 39. g4 1-0

[Event "Wch Rapid (Women)"]
[Site "New York"]
[Date "2024.12.26"]
[Round "1"]
[White "Sargsyan, Anna M"]
[Black "Paragua, Megan Althea"]
[Result "1/2-1/2"]
[WhiteElo "2306"]
[BlackElo "2017"]
[PlyCount "89"]
[EventDate "2024.12.26"]
[EventType "swiss (rapid)"]
[EventRounds "11"]
[EventCountry "USA"]
[SourceTitle "CB01_2025"]
[SourceDate "2025.01.01"]
[SourceVersion "1"]
[SourceVersionDate "2025.01.01"]
[SourceQuality "1"]

1. e4 c5 2. Nf3 e6 3. d4 cxd4 4. Nxd4 Nf6 5. Nc3 Nc6 6. Ndb5 Bb4 7. Nd6+ Ke7 8. Bf4 e5 9. Nf5+ Kf8 10. Bg5 d5 11. Bxf6 Qxf6 12. Qxd5 Bxf5 13. exf5 Qxf5 14. Bd3 Qf6 15. 0-0 Bxc3 16. bxc3 g6 17. Rab1 Rb8 18. Be4 Kg7 19. Qc5 Rhe8 20. Rfe1 a6 21. h3 Nd8 22. Rb6 Qe7 23. Qa5 Rc8 24. Reb1 Qc7 25. Qa4 Re6 26. Rxe6 Nxe6 27. Rxb7 Qxc3 28. Bd5 Nd8 29. Qd7 Nxb7 30. Qxf7+ Kh6 31. Bxb7 Qc7 32. Qf3 Rb8 33. Be4 Kg7 34. g3 Qc5 35. Kg2 Rf8 36. Qe2 Rf6 37. c4 Qd4 38. Bd5 e4 39. h4 h5 40. a4 a5 41. Qe1 Kh6 42. Qe2 Kg7 43. Qe1 Kh6 44. Qe2 Kg7 45. Qe1 1/2-1/2

[Event "Saint Louis Masters op"]
[Site "Saint Louis"]
[Date "2024.12.03"]
[Round "2"]
[White "Sargsyan, Anna M"]
[Black "Oparin, Grigoriy"]
[Result "0-1"]
[WhiteElo "2361"]
[BlackElo "2653"]
[PlyCount "56"]
[EventDate "2024.12.03"]
[EventType "swiss"]
[EventRounds "9"]
[EventCountry "USA"]
[SourceTitle "CB50_2024"]
[SourceDate "2024.11.01"]
[SourceVersion "1"]
[SourceVersionDate "2024.11.01"]
[SourceQuality "2"]

1. e4 c5 2. Nf3 e6 3. d4 cxd4 4. Nxd4 Nc6 5. Nc3 Bc5 6. Nb3 Bb4 7. Bd3 Nge7 8. 0-0 0-0 9. f4 d5 10. Qf3 dxe4 11. Nxe4 Nf5 12. Kh1 a5 13. a4 Be7 14. c3 e5 15. Bc2 Nh4 16. Qg3 f5 17. Ng5 Bxg5 18. fxg5 Ng6 19. h4 f4 20. Qf2 Bf5 21. h5 Nh4 22. Qxh4 Bxc2 23. Nd2 h6 24. Nf3 e4 25. Bxf4 exf3 26. Rxf3 Rf5 27. Rg3 Qd5 28. Kg1 Qc4 0-1